[Event "ESP-chT U16"]
[Site "Saragosa"]
[Date "2001.06.??"]
[Round "3"]
[White "Pita Romero Rodriguez, Rafael"]
[Black "Jimenez, Antonio"]
[Result "0-1"]
[WhiteElo "2042"]
[BlackElo "2089"]
[PlyCount "106"]
[EventDate "2001.06.??"]
[EventType "team"]
[EventRounds "6"]
[EventCountry "ESP"]
[SourceTitle "EXT 2003"]
[Source "ChessBase"]
[SourceDate "2002.11.25"]
[SourceVersion "1"]
[SourceVersionDate "2002.11.25"]
[SourceQuality "1"]

1. e4 c5 2. Nc3 e6 3. f4 a6 4. a4 Nc6 5. Nf3 d5 6. d3 Nf6 7. Be2 d4 8. Nb1 Bd7 9. Nbd2 b5 10. 0-0 Be7 11. Ne5 0-0 12. g4 Ne8 13. Nxd7 Qxd7 14. axb5 Nb4 15. bxa6 Nc7 16. Nc4 Rxa6 17. Rxa6 Ncxa6 18. f5 Qa4 19. b3 Qa2 20. Bb2 Nc7 21. Qd2 Qa6 22. Bd1 h6 23. Qg2 Bg5 24. Qg3 Nb5 25. h4 Bd8 26. g5 Kh8 27. Kh1 exf5 28. Rxf5 Bc7 29. Qf3 Nd6 30. Nxd6 Qxd6 31. e5 Qe6 32. Qe4 g6 33. Rf2 Qxe5 34. Qxe5+ Bxe5 35. gxh6 Bg3 36. Re2 Nd5 37. h5 Kh7 38. hxg6+ fxg6 39. Kg2 Bh4 40. Bc1 Nc3 41. Rd2 Bg5 42. Bf3 Na2 43. Re2 Bxc1 44. Re7+ Kxh6 45. Rc7 Ba3 46. Ra7 Nb4 47. Be4 Nxc2 48. Ra6 Rg8 49. Kf3 Bb4 50. Kf4 Ne3 51. Ke5 Kg5 52. Re6 Ng4+ 53. Kd5 Nf6+ 0-1

[Event "ESP-ch"]
[Site "Barcelona"]
[Date "2000.08.18"]
[Round "1"]
[White "Jimenez, Antonio"]
[Black "De la Riva Aguado, Oscar"]
[Result "0-1"]
[WhiteElo "2076"]
[BlackElo "2462"]
[PlyCount "56"]
[EventDate "2000.08.18"]
[EventType "swiss"]
[EventRounds "9"]
[EventCountry "ESP"]
[SourceTitle "CBM 077 Extra"]
[Source "ChessBase"]
[SourceDate "2000.09.14"]
[SourceVersion "1"]
[SourceVersionDate "2000.09.14"]
[SourceQuality "1"]

1. e4 c5 2. c3 Nf6 3. e5 Nd5 4. Nf3 Nc6 5. d4 cxd4 6. cxd4 d6 7. Bc4 dxe5 8. 0-0 exd4 9. Nxd4 Nb6 10. Nxc6 Qxd1 11. Bxf7+ Kxf7 12. Ne5+ Ke6 13. Rxd1 Kxe5 14. a4 Bf5 15. a5 Nd5 16. Nd2 e6 17. Nf3+ Kf6 18. Bg5+ Kg6 19. Bh4 Bd6 20. Nd4 Be5 21. a6 b6 22. Ra3 Rhc8 23. Nxf5 Kxf5 24. Rf3+ Kg6 25. Re1 Bf6 26. g3 Bxh4 27. gxh4 Rc6 28. Re5 Nf6 0-1

[Event "Aragon-chT"]
[Site "Zaragoza"]
[Date "1999.11.29"]
[Round "2"]
[White "Cerrajeria Ruiz, Jesus Maria"]
[Black "Jimenez, Antonio"]
[Result "1-0"]
[WhiteElo "2217"]
[BlackElo "2129"]
[PlyCount "67"]
[EventDate "1999.11.??"]
[EventType "team"]
[EventRounds "9"]
[EventCountry "ESP"]
[SourceTitle "CBM 073 Extra"]
[Source "ChessBase"]
[SourceDate "2000.01.11"]
[SourceVersion "1"]
[SourceVersionDate "2000.01.11"]
[SourceQuality "1"]

1. f4 e5 2. fxe5 d6 3. Nf3 dxe5 4. Nxe5 Bd6 5. d4 Bxe5 6. dxe5 Qh4+ 7. g3 Qe4 8. Bg5 Bd7 9. Nc3 Qxh1 10. Nd5 Na6 11. Qd4 Be6 12. e4 c5 13. Qd3 c4 14. Qxc4 Rc8 15. 0-0-0 Ne7 16. Qa4+ Nc6 17. Bxa6 Qxh2 18. Nc7+ Kf8 19. Qxc6 bxc6 20. Bxc8 Bd5 21. exd5 Qxg3 22. Bd2 cxd5 23. Bb4+ Kg8 24. Nxd5 h6 25. Bf5 Qg5+ 26. Kb1 g6 27. e6 gxf5 28. Ne7+ Kh7 29. exf7 Qh5 30. Rf1 Qxf7 31. Rxf5 Qe6 32. b3 a5 33. Bd6 Qxd6 34. Rf7# 1-0

[Event "Isla de Tenerife op"]
[Site "Tenerife"]
[Date "1999.??.??"]
[Round "7"]
[White "Jimenez, Antonio"]
[Black "Solana Suarez, Ernesto"]
[Result "0-1"]
[WhiteElo "2129"]
[BlackElo "2315"]
[PlyCount "72"]
[EventDate "1999.??.??"]
[EventType "swiss"]
[EventRounds "9"]
[EventCountry "ESP"]
[SourceTitle "EXT 2000"]
[Source "ChessBase"]
[SourceDate "1999.11.16"]
[SourceVersion "1"]
[SourceVersionDate "1999.11.16"]
[SourceQuality "1"]

1. Nf3 c5 2. c4 Nc6 3. g3 g6 4. Nc3 Bg7 5. Bg2 e6 6. 0-0 Nge7 7. d3 d5 8. Bd2 0-0 9. a3 b6 10. Rb1 Bb7 11. cxd5 Nxd5 12. Nxd5 exd5 13. b4 c4 14. b5 Na5 15. d4 Nb3 16. Bb4 Re8 17. e3 a6 18. bxa6 Rxa6 19. Nd2 Nxd2 20. Qxd2 Qd7 21. Qc3 Bc6 22. Rb2 Rea8 23. Rfb1 b5 24. Ra1 h5 25. h4 Bf8 26. Rab1 Rxa3 27. Bxa3 Bxa3 28. Ra2 Qd6 29. Bf3 b4 30. Qe1 b3 31. Raa1 Bd7 32. Bd1 Bf5 33. Qc3 Bxb1 34. Rxb1 Bb4 35. Qc1 Ra2 36. Kf1 Bd2 0-1

[Event "Sitges op"]
[Site "Sitges"]
[Date "1997.??.??"]
[Round "4"]
[White "Hoffmann, Michael"]
[Black "Jimenez, Antonio"]
[Result "1/2-1/2"]
[WhiteElo "2440"]
[BlackElo "2140"]
[PlyCount "50"]
[EventDate "1997.??.??"]
[EventType "swiss"]
[EventRounds "9"]
[EventCountry "ESP"]
[SourceTitle "EXT 1999"]
[Source "ChessBase"]
[SourceDate "1998.11.16"]
[SourceVersion "1"]
[SourceVersionDate "1998.11.16"]
[SourceQuality "1"]

1. e4 c6 2. d4 d5 3. Nc3 dxe4 4. Nxe4 Nf6 5. Nxf6+ exf6 6. c3 Bd6 7. Bd3 0-0 8. Ne2 Qa5 9. Qc2 Qh5 10. Be3 Na6 11. 0-0-0 Be6 12. Kb1 g6 13. h4 Rfe8 14. Nf4 Bxf4 15. Bxf4 Rad8 16. b3 c5 17. dxc5 Nxc5 18. Be2 Rxd1+ 19. Bxd1 Bg4 20. Be3 b6 21. Bxg4 Qxg4 22. g3 Ne4 23. Bd4 Nc5 24. Be3 Ne4 25. Bd4 Nc5 1/2-1/2

[Event "St Cugat op"]
[Site "St Cugat"]
[Date "1997.??.??"]
[Round "1"]
[White "Jimenez, Antonio"]
[Black "Garcia Ilundain, David"]
[Result "0-1"]
[WhiteElo "2140"]
[BlackElo "2500"]
[PlyCount "76"]
[EventDate "1997.??.??"]
[EventType "swiss"]
[EventRounds "9"]
[EventCountry "ESP"]
[SourceTitle "EXT 2001"]
[Source "ChessBase"]
[SourceDate "2000.11.22"]
[SourceVersion "1"]
[SourceVersionDate "2000.11.22"]
[SourceQuality "1"]

1. e4 b6 2. Nf3 Bb7 3. Nc3 e6 4. a3 d6 5. d4 Nd7 6. Bd3 g6 7. Be3 Bg7 8. Qd2 a6 9. 0-0 h6 10. h3 Ne7 11. Rae1 g5 12. Nh2 Ng6 13. Ne2 c5 14. c3 e5 15. d5 Nf6 16. Ng3 Bc8 17. Nf5 Bxf5 18. exf5 Ne7 19. Ng4 Nexd5 20. Be4 Nxe4 21. Qxd5 Nf6 22. Qc6+ Ke7 23. Rd1 Qb8 24. Rfe1 Rd8 25. b4 Nxg4 26. hxg4 Rc8 27. Qe4 Ra7 28. Rd3 Rd7 29. Bc1 Qb7 30. f6+ Bxf6 31. Qf5 Rg8 32. f4 gxf4 33. Bxf4 Rg6 34. Rh3 Bg5 35. Bxg5+ Rxg5 36. Qh7 Rxg4 37. Re2 Qd5 38. Qxh6 Qd1+ 0-1

[Event "Manresa op"]
[Site "Manresa"]
[Date "1995.??.??"]
[Round "4"]
[White "Anagnostopoulos, Dimitrios"]
[Black "Jimenez, Antonio"]
[Result "1-0"]
[WhiteElo "2450"]
[BlackElo "2225"]
[PlyCount "143"]
[EventDate "1995.??.??"]
[EventType "swiss"]
[EventRounds "9"]
[EventCountry "ESP"]
[SourceTitle "EXT 1998"]
[Source "ChessBase"]
[SourceDate "1997.11.17"]
[SourceVersion "1"]
[SourceVersionDate "1997.11.17"]
[SourceQuality "1"]

1. e4 c6 2. d4 d5 3. e5 Bf5 4. Nf3 e6 5. Be2 h6 6. 0-0 g5 7. Be3 Ne7 8. c4 Rg8 9. Nc3 Ng6 10. Qd2 Bb4 11. Rfc1 dxc4 12. Bxc4 Ne7 13. a3 Bxc3 14. bxc3 Nd7 15. Be2 Nd5 16. c4 Nxe3 17. Qxe3 g4 18. Nd2 Qg5 19. Ne4 Qxe3 20. Nd6+ Ke7 21. fxe3 f6 22. Nxf5+ exf5 23. e6 Kxe6 24. Rf1 Rg5 25. Bd3 h5 26. Rab1 b6 27. Rf4 Re8 28. Rbf1 Kd6 29. Kf2 g3+ 30. hxg3 Reg8 31. Rxf5 Rxg3 32. Be4 R8g5 33. Ke2 Rxf5 34. Rxf5 Rg5 35. Kf3 c5 36. g3 Ke6 37. Rd5 f5 38. Bb1 b5 39. Ba2 cxd4 40. exd4 bxc4 41. Bxc4 Ke7 42. Ra5 Nf6 43. Rxa7+ Kd8 44. Rf7 Ne4 45. Rf8+ Ke7 46. Rg8 h4 47. Rxg5 Nxg5+ 48. Kf4 hxg3 49. Kxg3 Ne4+ 50. Kf4 Kd6 51. Kxf5 Nd2 52. Ba2 Nf3 53. Ke4 Ng5+ 54. Ke3 Nh7 55. Kd3 Nf6 56. Kc4 Nd5 57. Bb1 Ne3+ 58. Kd3 Nd5 59. Bc2 Nb6 60. Bb3 Nc8 61. Kc4 Kc6 62. a4 Nd6+ 63. Kb4 Nf5 64. d5+ Kd6 65. a5 Ne7 66. Kb5 Nc8 67. Bc4 Kc7 68. Kc5 Nd6 69. a6 Ne4+ 70. Kd4 Nd6 71. Bd3 Nc8 72. Kc5 1-0